[Event "Regionalliga SO 0203"]
[Site "Bayern"]
[Date "2003.03.09"]
[Round "8.8"]
[White "Von Maffei, Christian"]
[Black "Poellner, Ludwig"]
[Result "1/2-1/2"]
[WhiteElo "1919"]
[BlackElo "2026"]
[PlyCount "26"]
[EventDate "2002.10.20"]
[EventType "team"]
[EventRounds "9"]
[EventCountry "GER"]
[SourceTitle "EXT 2004"]
[Source "ChessBase"]
[SourceDate "2003.11.25"]
[SourceVersion "1"]
[SourceVersionDate "2003.11.25"]
[SourceQuality "1"]
[WhiteTeam "Straubing"]
[BlackTeam "Dorfen"]
[WhiteTeamCountry "GER"]
[BlackTeamCountry "GER"]

1. e4 c5 2. d4 cxd4 3. c3 dxc3 4. Nxc3 d6 5. Nf3 g6 6. Bc4 Bg7 7. e5 Be6 8. Bxe6 fxe6 9. 0-0 dxe5 10. Qb3 Nc6 11. Qxb7 Qc8 12. Qxc8+ Rxc8 13. Be3 h6 1/2-1/2